Ecological characterization of a Costa Rican dry forest caterpillar fauna (Registro nro. 9923)

Detalles MARC
000 -CABECERA
Campo de control 004620000a22001570004500
090 ## - CLASIFICACIÓN LOCAL
Colección AR
Consecutivo 00834
041 0# - IDIOMA
Código de idioma para texto/pista de sonido o título separado
100 1# - ASIENTO PRINCIPAL--NOMBRE PERSONAL
Nombre personal Janzen, Daniel H.
245 10 - MENCION DE TITULO
Título Ecological characterization of a Costa Rican dry forest caterpillar fauna
650 14 - ASIENTO SECUNDARIO DE MATERIA - TERMINO TEMATICO
Término temático o nombre geográfico como elemento de entrada Bosques secos tropicales
650 14 - ASIENTO SECUNDARIO DE MATERIA - TERMINO TEMATICO
Término temático o nombre geográfico como elemento de entrada Orugas
650 14 - ASIENTO SECUNDARIO DE MATERIA - TERMINO TEMATICO
Término temático o nombre geográfico como elemento de entrada Ecología animal
651 #4 - ASIENTO SECUNDARIO DE MATERIA - NOMBRE GEOGRAFICO
-- Costa Rica
773 1# - Item fuente:
Título Biotropica
Especificación de materiales 9
Descripción física 2
Paginas del Articulo 120-135
Lugar, editorial y fecha de publicación 1988
Información sobre la relación 20
942 ## - ELEMENTOS ADICIONALES (KOHA)
Tipo de ítem Artículo
Existencias
Withdrawn status Lost status Sistema de Clasificación Damaged status No para préstamo Colección Ubicación Permanente Ubicación actual Fecha de adquisición Datos de publicación Seriada Total Checkouts Número topográfico Inventario / Código de Barras Date last seen Ejemplar Price effective from Tipo de material
    Dewey Decimal Classification   No para Préstamo Hemeroteca Villa de Leyva Villa de Leyva 27/02/2015 Fuera de circulación   AR 00834 011157 25/03/2015 1 25/03/2015 Artículo